000 00421 a2200157 4500
001 165930
020 _a
040 _cMagnum
100 _aMello, Guiomar Namo de
240 1 0 _aMagisterio de 1º grau: da competencia tecnica ao compromisso politico
_lpor
245 1 0 _aMagisterio de 1º grau: da competencia tecnica ao compromisso politico
362 0 _a1899
440 1 _aCortez
697 _aENSINO
942 _cBK
999 _c165930
_d165930